Podnikání a etika

Podnik je nástrojom ľudstva pre tvorbu bohatstva. Dobrý je podnik, ktorý dosahuje kladnú čistú súčasnú hodnotu. Podnik je koalíciou stakeholderov, ktorí sú s podnikom určitým spôsobom spätí. Predpokladom ich vyváženého vzťahu je ich možnosť rozhodovacej voľby, či v koalícii zotrvajú alebo nie. Okrem...

Descrizione completa

Salvato in:
Dettagli Bibliografici
Autore principale: Neumaierová, Inka
Altri autori: Neumaier, Ivan
Natura: Capitolo di libro
Lingua:ceco
Soggetti:
Tags: Aggiungi Tag
Nessun Tag, puoi essere il primo ad aggiungerne!!

MARC

LEADER 00000naa$a2200000$$$4500
001 0047343
005 20221025093219.3
041 0 |a cze 
044 |a SK 
245 1 0 |a Podnikání a etika  |c Inka Neumaierová, Ivan Neumaier 
520 |a Podnik je nástrojom ľudstva pre tvorbu bohatstva. Dobrý je podnik, ktorý dosahuje kladnú čistú súčasnú hodnotu. Podnik je koalíciou stakeholderov, ktorí sú s podnikom určitým spôsobom spätí. Predpokladom ich vyváženého vzťahu je ich možnosť rozhodovacej voľby, či v koalícii zotrvajú alebo nie. Okrem toho je dôležitá vyjednávacia sila stakeholderov pri uskutočňovaní ich rozhodnutí. Ak sa chceme zaoberať vzťahom podnikanie a etika, musíme sa zaoberať vzťahom etika a neuroveda, ekonomia a právo. Podnikanie, ktoré postráda etiku, nie je ľudským podnikaním. 
610 2 0 |a podnikanie 
610 2 0 |a etika 
610 2 0 |a etika podnikateľská 
610 2 0 |a etika podniková 
610 2 0 |a právo 
100 1 |a Neumaierová, Inka 
700 1 |a Neumaier, Ivan